| 000 | 00347nam a22001337a 4500 | ||
|---|---|---|---|
| 020 | _a0-440-86369-4 | ||
| 082 |
_a823 _bWIL/D |
||
| 100 | _aJACQUELINE WILSON | ||
| 245 |
_aTHE DARE GAME _bTRACY BEAKER IS BACK! |
||
| 260 |
_aUNITED KINGDOM _bCORGI YEARLING BOOKS _c2001 |
||
| 300 | _a250 | ||
| 650 |
_aCHILDREN'S STORY BOOK _zUNITED KINGDOM |
||
| 942 | _cBK | ||
| 999 |
_c127 _d127 |
||